| 000 | 01448nam a2200229Ia 4500 | ||
|---|---|---|---|
| 003 | Ost | ||
| 005 | 20260507074934.0 | ||
| 008 | 260507s9999||||xx |||||||||||||| ||und|| | ||
| 020 | _a9957063901 | ||
| 040 | _cfsecg | ||
| 041 | _aara | ||
| 082 | _a658.51 | ||
| 100 |
_aالعلى، عبد الستار محمد _eمؤلف |
||
| 245 | 0 |
_aالتخطيط والسيطرة على الانتاج والعمليات / _c عبد الستار محمد العلى |
|
| 260 |
_aعمان: _bدار المسيرة, _c2007 |
||
| 300 |
_a536 صفحة؛ _bإيضاحات ؛ _c24 سم |
||
| 504 | _aبيبليوغرافيا ص.535 | ||
| 520 | _aالمدخل إلى التخطيط والسيطرة على الانتاج ، الحاجة التقديرية من المكائن العاملة ، تخطيط الطاقة الانتاجية ، التخطيط الشامل وجدولة الانتاج الرئيسة ، طرق التصنيع ومعايير الانتاج ، تكنولوجيا المجاميع ونظم التصنيع المرنة ،أنظمة التصنيع المتكاملة ، جدولة العمليات الانتاجية ، نماذج المخزون الاقتصادي ، جدولة الطلب وأنظمة الشراء، تخطيط المتطلبات المادية ، نظام جدزلة الأنية إدارة الجودة الشاملة | ||
| 653 | _aالاقتصاد الجزئي | ||
| 653 | _aالعمليات | ||
| 942 | _cكتاب | ||
| 999 |
_c41871 _d41871 |
||